000 00508nam a2200181Ia 4500
005 20250423095857.0
008 250422s9999 xx 000 0 und d
020 _a1932099646
050 _aBP 190.5 .D45/
100 _aGülen, M. Fethullah
245 0 _aIslam and democracy
260 _aNew Jersey
260 _bThe Light
260 _c2004
300 _a23 p
650 _aDemocracy _ Religious aspects _ Islam Islam and politics Demokrasi _ Dini açıdan _ İslam İslam ve siyaset
942 _cBK
999 _c31602
_d31602